000 00819nam a2200253 i 4500
001 110698
003 ES-MaACL
005 20250513173325.0
007 t|
008 070119s1986 sp ||||1| spa d
020 _a84-7046-426-4
100 1 _aGarcía Estébanez, Emilio.
_954579
245 1 3 _aEl Renacimiento
_b: humanismo y sociedad /
_cEmilio García Estébanez ; prólogo de Juan Manuel Almarza-Meñica.
260 _aMadrid :
_bCincel,
_c1986.
300 _a208 p. ;
_c19 cm.
490 1 _aHistoria de la filosofía ;
_v11
504 _aBibliografía: p. 207-208.
650 1 4 _aHumanismo.
_913502
650 1 4 _aRenacimiento.
_916843
700 0 _aAlmarza Meñica, Juan Manuel
_920103
830 1 _aHistoria de la filosofía ;
_v11
_9181726
852 _aES-MaACL
_jL-15577
999 _c110698
_d110698